00430nam 22001453 450000100060000010000410000610100080004720001240005521000190017921500180019831700090021650000420022560600080026780100090027532525 a20260309d u||y0pory50 ba apor aSeminário: O mar: que formação?fEscola das Marinhas de Comércio e Pescas, Escola Náutica Infante D. Henrique aOdivelascEper a282 p.d21 cm 5IPMA aSeminário: O Mar: Que Formação? xMar gISBD